000 00596nam#a22002295a#4500
001 750
008 080916s2005####ag#####g######001#j#spa#d
245 1 4 _aLos venenos y otros textos :
_bAntología 1 /
_cJulio Cortázar.
250 _a1ª ed.
260 _aBuenos Aires :
_bColihue,
_c2005.
300 _a208 p. ;
_c180 cm.
490 0 _aColección literaria ;
_vv. 117
020 _a9505811179
100 1 _aCortázar, Julio.
080 _a82.342
084 _aC45
653 _aNarrativa Argentina
040 _aAR-ClEAG
_cAR-ClEAG
005 20241107184646.0
003 AR-ClEAG
942 _cBK
999 _c750
_d750
980 _62
_aEvangelina Gallicchio
_82
_gEvangelina Gallicchio